00548nam a2200121Ia 4500008004100000100002300041245008200064245002200146260000900168300003800177440004900215650016200264171207s9999 xx 000 0 und d aMorgan, Barbara M. aStress Management for College Students: An Experiential Multi-Modal Approach  cBarbara M. Morgan c2017 apages 276-88, July-September 2017 aJournal of Creativity in Mental Healthv12:3 aAnimal-assisted therapy, college students, creativity in counseling, equine-assisted, experiential activities, mindfulness, stress management, wellness, yoga